000 00727nam a2200205Ia 4500
003 GCL
008 140319s9999 xx 000 0 ara d
040 _aGCL /
_cGCL
082 0 4 _a001.6424
_bم ك
100 1 _aمحمد السعيد خشبة
245 1 0 _aالكمبيوتر ولغة البيسك المتقدم /
_cمحمد السعيد خشبة
260 _a[S.N] :
_bدار المعارف ،
_c1989
300 _a367 ص
490 _aموسوعة تكنولوجيا الحاسبات
_v0
650 0 4 _aالحاسبات الالكترونية
650 0 4 _aباسيك
650 0 4 _aبرامج الحاسبات الالكترونية
650 0 4 _aالحاسبات الالكترونية- لغات
942 _2ddc
_cBK
999 _c54377
_d54377